Top XIs: FC Barcelona (1973-2023) - Statistics

General Stats
  • This quiz has been taken 3,546 times
  • The average score is 240 of 500
Answer Stats
Hint Position Answer % Correct
2006/2007 ST Lionel Messi
98%
2007/2008 ST Lionel Messi
98%
2008/2009 ST Lionel Messi
98%
2009/2010 ST Lionel Messi
98%
2010/2011 ST Lionel Messi
98%
2011/2012 ST Lionel Messi
98%
2012/2013 ST Lionel Messi
98%
2013/2014 ST Lionel Messi
98%
2014/2015 ST Lionel Messi
98%
2015/2016 ST Lionel Messi
98%
2016/2017 ST Lionel Messi
98%
2017/2018 ST Lionel Messi
98%
2018/2019 ST Lionel Messi
98%
2019/2020 UCL ST Lionel Messi
98%
2020/2021 UCL ST Lionel Messi
98%
2001/2002 MF Xavi
96%
2002/2003 MF Xavi
96%
2003/2004 MF Xavi
96%
2004/2005 MF Xavi
96%
2006/2007 MF Xavi
96%
2007/2008 MF Xavi
96%
2008/2009 MF Xavi
96%
2009/2010 MF Xavi
96%
2010/2011 MF Xavi
96%
2011/2012 MF Xavi
96%
2012/2013 MF Xavi
96%
2013/2014 MF Xavi
96%
2006/2007 MF Andrés Iniesta
95%
2006/2007 UCL MF Andrés Iniesta
95%
2007/2008 MF Andrés Iniesta
95%
2008/2009 MF Andrés Iniesta
95%
2010/2011 MF Andrés Iniesta
95%
2012/2013 MF Andrés Iniesta
95%
2013/2014 MF Andrés Iniesta
95%
2014/2015 MF Andrés Iniesta
95%
2015/2016 MF Andrés Iniesta
95%
2016/2017 MF Andrés Iniesta
95%
2017/2018 MF Andrés Iniesta
95%
2008/2009 DF Gerard Piqué
95%
2009/2010 DF Gerard Piqué
95%
2010/2011 DF Gerard Piqué
95%
2012/2013 DF Gerard Piqué
95%
2013/2014 DF Gerard Piqué
95%
2014/2015 DF Gerard Piqué
95%
2015/2016 DF Gerard Piqué
95%
2016/2017 DF Gerard Piqué
95%
2017/2018 DF Gerard Piqué
95%
2018/2019 DF Gerard Piqué
95%
2019/2020 UCL DF Gerard Piqué
95%
2014/2015 ST Luis Suárez
95%
2015/2016 ST Luis Suárez
95%
2016/2017 ST Luis Suárez
95%
2017/2018 ST Luis Suárez
95%
2018/2019 ST Luis Suárez
95%
2019/2020 UCL ST Luis Suárez
95%
2013/2014 ST Neymar
95%
2014/2015 ST Neymar
95%
2015/2016 ST Neymar
95%
2016/2017 ST Neymar
95%
2009/2010 MF Sergio Busquets
94%
2010/2011 MF Sergio Busquets
94%
2011/2012 MF Sergio Busquets
94%
2012/2013 MF Sergio Busquets
94%
2013/2014 MF Sergio Busquets
94%
2014/2015 MF Sergio Busquets
94%
2015/2016 MF Sergio Busquets
94%
2016/2017 MF Sergio Busquets
94%
2017/2018 MF Sergio Busquets
94%
2018/2019 MF Sergio Busquets
94%
2019/2020 UCL MF Sergio Busquets
94%
2021/2022 MF Sergio Busquets
94%
2021/2022 EL MF Sergio Busquets
94%
2001/2002 DF Carles Puyol
91%
2002/2003 DF Carles Puyol
91%
2003/2004 DF Carles Puyol
91%
2004/2005 DF Carles Puyol
91%
2005/2006 DF Carles Puyol
91%
2005/2006 UCL DF Carles Puyol
91%
2006/2007 DF Carles Puyol
91%
2006/2007 UCL DF Carles Puyol
91%
2007/2008 DF Carles Puyol
91%
2008/2009 DF Carles Puyol
91%
2009/2010 DF Carles Puyol
91%
2011/2012 DF Carles Puyol
91%
2012/2013 DF Jordi Alba
91%
2014/2015 DF Jordi Alba
91%
2015/2016 DF Jordi Alba
91%
2016/2017 DF Jordi Alba
91%
2017/2018 DF Jordi Alba
91%
2018/2019 DF Jordi Alba
91%
2020/2021 UCL DF Jordi Alba
91%
2021/2022 DF Jordi Alba
91%
2021/2022 EL DF Jordi Alba
91%
2022/2023 DF Jordi Alba
91%
2008/2009 DF Dani Alves
88%
2009/2010 DF Dani Alves
88%
2010/2011 DF Dani Alves
88%
2011/2012 DF Dani Alves
88%
2012/2013 DF Dani Alves
88%
2013/2014 DF Dani Alves
88%
2014/2015 DF Dani Alves
88%
2015/2016 DF Dani Alves
88%
2022/2023 ST Robert Lewandowski
88%
2022/2023 UCL ST Robert Lewandowski
88%
2020/2021 UCL MF Pedri
87%
2021/2022 EL MF Pedri
87%
2022/2023 MF Pedri
87%
2022/2023 UCL MF Pedri
87%
2021/2022 MF Gavi
86%
2022/2023 MF Gavi
86%
2022/2023 UCL MF Gavi
86%
2003/2004 MF Ronaldinho
84%
2004/2005 MF Ronaldinho
84%
2005/2006 MF Ronaldinho
84%
2005/2006 UCL MF Ronaldinho
84%
2006/2007 MF Ronaldinho
84%
2006/2007 UCL MF Ronaldinho
84%
2009/2010 ST Pedro
81%
2010/2011 ST Pedro
81%
2011/2012 ST Pedro
81%
2012/2013 ST Pedro
81%
2004/2005 ST Samuel Eto'o
81%
2005/2006 ST Samuel Eto'o
81%
2005/2006 UCL ST Samuel Eto'o
81%
2006/2007 ST Samuel Eto'o
81%
2008/2009 ST Samuel Eto'o
81%
2014/2015 MF Ivan Rakitić
80%
2015/2016 MF Ivan Rakitić
80%
2017/2018 MF Ivan Rakitić
80%
2018/2019 MF Ivan Rakitić
80%
2010/2011 ST David Villa
79%
2019/2020 UCL MF Frenkie de Jong
79%
2020/2021 UCL MF Frenkie de Jong
79%
2021/2022 MF Frenkie de Jong
79%
2021/2022 EL MF Frenkie de Jong
79%
2022/2023 MF Frenkie de Jong
79%
2010/2011 DF Javier Mascherano
77%
2011/2012 DF Javier Mascherano
77%
2012/2013 DF Javier Mascherano
77%
2013/2014 DF Javier Mascherano
77%
2014/2015 DF Javier Mascherano
77%
2015/2016 DF Javier Mascherano
77%
2007/2008 ST Thierry Henry
76%
2008/2009 ST Thierry Henry
76%
2021/2022 ST Ousmane Dembélé
75%
2022/2023 ST Ousmane Dembélé
75%
2022/2023 UCL ST Ousmane Dembélé
75%
2007/2008 DF Éric Abidal
74%
2008/2009 DF Éric Abidal
74%
2010/2011 DF Éric Abidal
74%
2021/2022 DF Ronald Araújo
74%
2021/2022 EL DF Ronald Araújo
74%
1986/1987 MF Roberto
73%
1987/1988 MF Roberto
73%
1988/1989 MF Roberto
73%
1989/1990 MF Roberto
73%
2016/2017 DF Samuel Umtiti
73%
2017/2018 DF Samuel Umtiti
73%
2022/2023 ST Raphinha
72%
1996/1997 ST Ronaldo
72%
2009/2010 ST Zlatan Ibrahimović
72%
2022/2023 DF Jules Koundé
69%
2022/2023 UCL DF Jules Koundé
69%
1997/1998 MF Rivaldo
69%
1998/1999 ST Rivaldo
69%
1999/2000 ST Rivaldo
69%
2000/2001 ST Rivaldo
69%
2001/2002 MF Rivaldo
69%
2019/2020 UCL ST Antoine Griezmann
68%
2020/2021 UCL ST Antoine Griezmann
68%
2018/2019 DF Clément Lenglet
66%
2019/2020 UCL DF Clément Lenglet
66%
2020/2021 UCL DF Clément Lenglet
66%
1978/1979 ST Johan Cruyff
66%
1991/1992 MF Josep Guardiola
66%
1993/1994 MF Josep Guardiola
66%
1994/1995 MF Josep Guardiola
66%
1995/1996 MF Josep Guardiola
66%
1996/1997 MF Josep Guardiola
66%
1998/1999 MF Josep Guardiola
66%
1999/2000 MF Josep Guardiola
66%
1989/1990 DF Ronald Koeman
65%
1991/1992 DF Ronald Koeman
65%
1992/1993 DF Ronald Koeman
65%
1993/1994 DF Ronald Koeman
65%
1994/1995 DF Ronald Koeman
65%
2011/2012 MF Cesc Fàbregas
64%
2012/2013 MF Cesc Fàbregas
64%
2022/2023 DF Álex Balde
62%
2022/2023 UCL DF Álex Balde
62%
1995/1996 MF Luís Figo
62%
1995/1996 UC MF Luís Figo
62%
1996/1997 MF Luís Figo
62%
1997/1998 MF Luís Figo
62%
1998/1999 MF Luís Figo
62%
1999/2000 MF Luís Figo
62%
2018/2019 MF Philippe Coutinho
62%
1978/1979 DF Antoni Torres
61%
2007/2008 MF Yaya Touré
58%
2008/2009 MF Yaya Touré
58%
2004/2005 MF Deco
57%
2005/2006 MF Deco
57%
2005/2006 UCL MF Deco
57%
2006/2007 MF Deco
57%
2006/2007 UCL MF Deco
57%
2021/2022 ST Memphis Depay
57%
2022/2023 UCL ST Ansu Fati
56%
1993/1994 ST Romário
55%
1994/1995 ST Romário
55%
1996/1997 MF Luis Enrique
54%
1997/1998 MF Luis Enrique
54%
1998/1999 MF Luis Enrique
54%
2018/2019 MF Arturo Vidal
52%
2019/2020 UCL MF Arturo Vidal
52%
1990/1991 ST Hristo Stoichkov
52%
1991/1992 ST Hristo Stoichkov
52%
1992/1993 ST Hristo Stoichkov
52%
1993/1994 ST Hristo Stoichkov
52%
1994/1995 ST Hristo Stoichkov
52%
1998/1999 ST Patrick Kluivert
52%
1999/2000 ST Patrick Kluivert
52%
2000/2001 ST Patrick Kluivert
52%
2001/2002 ST Patrick Kluivert
52%
2002/2003 ST Patrick Kluivert
52%
2004/2005 MF Rafa Márquez
52%
2005/2006 DF Rafa Márquez
52%
2005/2006 UCL DF Rafa Márquez
52%
2006/2007 UCL DF Rafa Márquez
52%
2021/2022 EL ST P.-E. Aubameyang
51%
2020/2021 UCL DF Sergiño Dest
51%
2021/2022 DF Sergiño Dest
51%
2021/2022 EL DF Sergiño Dest
51%
1982/1983 ST Diego Maradona
50%
1983/1984 ST Diego Maradona
50%
1993/1994 DF Sergi Barjuán
50%
1994/1995 DF Sergi Barjuán
50%
1995/1996 DF Sergi Barjuán
50%
1995/1996 UC DF Sergi Barjuán
50%
1996/1997 DF Sergi Barjuán
50%
1997/1998 DF Sergi Barjuán
50%
1998/1999 DF Sergi Barjuán
50%
2000/2001 DF Sergi Barjuán
50%
2018/2019 DF Nélson Semedo
49%
2019/2020 UCL DF Nélson Semedo
49%
2017/2018 MF Paulinho
48%
2006/2007 DF Gianluca Zambrotta
45%
2006/2007 UCL DF Gianluca Zambrotta
45%
2007/2008 DF Gianluca Zambrotta
45%
2009/2010 MF Seydou Keita
45%
2009/2010 DF Maxwell
44%
1999/2000 DF Frank de Boer
43%
2000/2001 DF Frank de Boer
43%
2001/2002 DF Frank de Boer
43%
2002/2003 DF Frank de Boer
43%
1989/1990 MF Michael Laudrup
43%
1990/1991 MF Michael Laudrup
43%
1991/1992 MF Michael Laudrup
43%
1992/1993 MF Michael Laudrup
43%
1993/1994 MF Michael Laudrup
43%
2016/2017 MF André Gomes
40%
2022/2023 UCL MF Franck Kessié
40%
2011/2012 DF Adriano
39%
2013/2014 DF Adriano
39%
2011/2012 MF Thiago Alcântara
39%
2003/2004 DF Gio van Bronckhorst
38%
2004/2005 DF Gio van Bronckhorst
38%
2005/2006 UCL DF Gio van Bronckhorst
38%
2006/2007 DF Gio van Bronckhorst
38%
2006/2007 UCL DF Gio van Bronckhorst
38%
2013/2014 ST Alexis Sánchez
37%
2021/2022 ST Ferran Torres
37%
2021/2022 EL ST Ferran Torres
37%
2004/2005 MF Ludovic Giuly
37%
2005/2006 MF Ludovic Giuly
37%
2006/2007 UCL MF Ludovic Giuly
37%
2005/2006 MF Mark van Bommel
37%
2005/2006 UCL MF Mark van Bommel
37%
2004/2005 DF Juliano Belletti
36%
2005/2006 UCL DF Juliano Belletti
36%
2005/2006 UCL ST Henrik Larsson
35%
2001/2002 ST Javier Saviola
34%
2002/2003 ST Javier Saviola
34%
2003/2004 ST Javier Saviola
34%
2021/2022 DF Eric Garcia
33%
2021/2022 EL DF Eric Garcia
33%
2022/2023 DF Eric Garcia
33%
2022/2023 UCL DF Eric Garcia
33%
1986/1987 ST Gary Lineker
33%
1987/1988 ST Gary Lineker
33%
1988/1989 ST Gary Lineker
33%
2006/2007 DF Lilian Thuram
33%
2021/2022 EL ST Adama Traoré
32%
2020/2021 UCL DF Óscar Mingueza
32%
2000/2001 MF Phillip Cocu
32%
2001/2002 MF Phillip Cocu
32%
2003/2004 MF Phillip Cocu
32%
1998/1999 MF Philip Cocu
31%
1999/2000 MF Philip Cocu
31%
2000/2001 MF Marc Overmars
30%
2020/2021 UCL MF Miralem Pjanić
30%
2003/2004 MF Edgar Davids
29%
1995/1996 UC MF Gheorghe Hagi
29%
2005/2006 DF Sylvinho
29%
2006/2007 UCL MF Thiago Motta
29%
2005/2006 MF Edmílson
28%
2005/2006 UCL MF Edmílson
28%
2003/2004 DF Oleguer
27%
2004/2005 DF Oleguer
27%
2005/2006 DF Oleguer
27%
2007/2008 ST Bojan Krkić
26%
2007/2008 DF Gabriel Milito
26%
2002/2003 MF Juan R. Riquelme
26%
2022/2023 UCL DF Héctor Bellerín
25%
1992/1993 DF Miguel Á. Nadal
25%
1993/1994 DF Miguel Á. Nadal
25%
1994/1995 DF Miguel Á. Nadal
25%
1995/1996 DF Miguel Á. Nadal
25%
1995/1996 UC DF Miguel Á. Nadal
25%
1990/1991 DF Albert Ferrer
24%
1992/1993 DF Albert Ferrer
24%
1993/1994 DF Albert Ferrer
24%
1994/1995 DF Albert Ferrer
24%
1995/1996 DF Albert Ferrer
24%
1995/1996 UC DF Albert Ferrer
24%
1996/1997 DF Albert Ferrer
24%
1997/1998 DF Albert Ferrer
24%
1997/1998 DF Michael Reiziger
23%
1998/1999 DF Michael Reiziger
23%
1999/2000 DF Michael Reiziger
23%
2000/2001 DF Michael Reiziger
23%
2002/2003 DF Michael Reiziger
23%
2003/2004 DF Michael Reiziger
23%
1980/1981 MF Bernd Schuster
22%
1982/1983 MF Bernd Schuster
22%
1983/1984 MF Bernd Schuster
22%
1984/1985 MF Bernd Schuster
22%
1985/1986 MF Bernd Schuster
22%
1987/1988 MF Bernd Schuster
22%
1988/1989 MF José María Bakero
22%
1989/1990 MF José María Bakero
22%
1990/1991 MF José María Bakero
22%
1991/1992 MF José María Bakero
22%
1992/1993 MF José María Bakero
22%
1993/1994 MF José María Bakero
22%
1994/1995 MF José María Bakero
22%
1995/1996 UC MF José María Bakero
22%
2006/2007 UCL ST Eiður Guðjohnsen
21%
2000/2001 MF Emmanuel Petit
21%
1979/1980 DF Johan Neeskens
21%
1980/1981 DF Antonio Olmo
18%
1981/1982 DF Antonio Olmo
18%
1990/1991 MF Guillermo Amor
18%
1992/1993 MF Guillermo Amor
18%
1993/1994 MF Guillermo Amor
18%
1994/1995 MF Guillermo Amor
18%
1995/1996 MF Guillermo Amor
18%
1996/1997 DF Laurent Blanc
18%
1997/1998 ST Sonny Anderson
18%
2020/2021 UCL ST Trincão
18%
1998/1999 DF Abelardo
17%
1999/2000 DF Abelardo
17%
2000/2001 DF Abelardo
17%
1996/1997 ST Giovanni
17%
1997/1998 ST Giovanni
17%
2019/2020 UCL DF Junior Firpo
17%
1982/1983 ST Marcos Alonso
17%
1983/1984 ST Marcos Alonso
17%
2016/2017 DF Sergi Roberto
17%
2017/2018 DF Sergi Roberto
17%
1994/1995 MF Jordi Cruyff
16%
1988/1989 ST Julio Salinas
16%
1989/1990 ST Julio Salinas
16%
1999/2000 MF Boudewijn Zenden
15%
2001/2002 DF Francesco Coco
15%
2002/2003 MF Gabri
15%
2002/2003 MF Gaizka Mendieta
15%
1978/1979 MF Juan Carlos
15%
1988/1989 ST Txiki Begiristáin
15%
1989/1990 ST Txiki Begiristáin
15%
1990/1991 ST Txiki Begiristáin
15%
1991/1992 ST Txiki Begiristáin
15%
1992/1993 ST Txiki Begiristáin
15%
1999/2000 DF Winston Bogarde
15%
1978/1979 ST Carles Rexach
14%
1988/1989 MF Eusebio Sacristán
14%
1989/1990 MF Eusebio Sacristán
14%
1990/1991 MF Eusebio Sacristán
14%
1991/1992 MF Eusebio Sacristán
14%
1992/1993 MF Eusebio Sacristán
14%
1982/1983 DF Julio Alberto
13%
1983/1984 DF Julio Alberto
13%
1984/1985 DF Julio Alberto
13%
1985/1986 DF Julio Alberto
13%
1986/1987 DF Julio Alberto
13%
1987/1988 DF Julio Alberto
13%
1995/1996 DF Gheorghe Popescu
12%
1995/1996 UC DF Gheorghe Popescu
12%
1996/1997 MF Gheorghe Popescu
12%
1995/1996 MF Iván de la Peña
12%
1982/1983 ST Lobo Carrasco
12%
1983/1984 ST Lobo Carrasco
12%
1984/1985 ST Lobo Carrasco
12%
1985/1986 ST Lobo Carrasco
12%
1986/1987 ST Lobo Carrasco
12%
1987/1988 ST Lobo Carrasco
12%
1982/1983 DF Migueli
12%
1983/1984 DF Migueli
12%
1984/1985 DF Migueli
12%
1985/1986 DF Migueli
12%
1986/1987 DF Migueli
12%
1987/1988 DF Migueli
12%
1980/1981 ST Quini
12%
1981/1982 ST Quini
12%
2000/2001 MF Simão
12%
1979/1980 ST Allan Simonsen
11%
1980/1981 ST Allan Simonsen
11%
1981/1982 ST Allan Simonsen
11%
1996/1997 DF Fernando Couto
11%
1997/1998 DF Fernando Couto
11%
1979/1980 MF Juan Manuel Asensi
11%
2003/2004 ST Luis García
11%
1986/1987 ST Mark Hughes
11%
2001/2002 DF Philippe Christanval
11%
1990/1991 MF Andoni Goikoetxea
10%
1992/1993 MF Andoni Goikoetxea
10%
1979/1980 ST Hans Krankl
10%
1980/1981 DF José R. Alexanko
10%
1981/1982 DF José R. Alexanko
10%
1982/1983 DF José R. Alexanko
10%
1983/1984 DF José R. Alexanko
10%
1984/1985 DF José R. Alexanko
10%
1985/1986 DF José R. Alexanko
10%
1980/1981 DF Pepito Ramos
10%
1981/1982 DF Pepito Ramos
10%
1995/1996 UC MF Albert Celades
9%
1997/1998 MF Albert Celades
9%
2001/2002 MF Fábio Rochemback
9%
1990/1991 DF Nando
9%
1991/1992 DF Nando
9%
1984/1985 ST Steve Archibald
9%
1985/1986 ST Steve Archibald
9%
1981/1982 MF Víctor Muñoz
9%
1982/1983 MF Víctor Muñoz
9%
1983/1984 MF Víctor Muñoz
9%
1984/1985 MF Víctor Muñoz
9%
1985/1986 MF Víctor Muñoz
9%
1986/1987 MF Víctor Muñoz
9%
1987/1988 MF Víctor Muñoz
9%
1978/1979 ST Hugo Sotil
8%
1988/1989 MF Luis Milla
8%
1989/1990 MF Luis Milla
8%
1995/1996 ST Meho Kodro
8%
1995/1996 UC ST Meho Kodro
8%
1978/1979 DF Toño de la Cruz
8%
2002/2003 DF Fernando Navarro
7%
1991/1992 DF Juan Carlos
7%
1982/1983 MF Perico Alonso
7%
1983/1984 MF Perico Alonso
7%
1995/1996 MF Roger
7%
1995/1996 UC MF Roger
7%
1988/1989 DF Aloísio
6%
1989/1990 DF Aloísio
6%
1980/1981 ST Esteban Vigo
6%
1981/1982 ST Esteban Vigo
6%
1978/1979 DF Joaquim Rifé
6%
1978/1979 MF Marcial Pina
6%
1979/1980 DF Marinho Peres
6%
1978/1979 DF Quique Costas
6%
1984/1985 MF Ramón Calderé
6%
1985/1986 MF Ramón Calderé
6%
1986/1987 MF Ramón Calderé
6%
1988/1989 DF Ricardo Serna
6%
1989/1990 DF Ricardo Serna
6%
1990/1991 DF Ricardo Serna
6%
1991/1992 MF Richard Witschge
6%
1982/1983 DF Gerardo
5%
1984/1985 DF Gerardo
5%
1985/1986 DF Gerardo
5%
1986/1987 DF Gerardo
5%
1986/1987 DF Josep Moratalla
5%
1987/1988 DF Josep Moratalla
5%
1978/1979 MF Juan Carlos Heredia
5%
1988/1989 DF Luis López Rekarte
5%
1981/1982 DF Manolo
5%
1998/1999 DF Mauricio Pellegrino
5%
1984/1985 ST Rojo
5%
1979/1980 MF Tente Sánchez
5%
1980/1981 MF Tente Sánchez
5%
1981/1982 MF Tente Sánchez
5%
1983/1984 DF Tente Sánchez
5%
1987/1988 MF Urbano Ortega
5%
1985/1986 ST Raúl Amarilla
4%
1979/1980 MF Jesús Landaburu
4%
1980/1981 MF Jesús Landaburu
4%
1981/1982 MF Juan José Estella
4%
1979/1980 DF Manolo Clares
4%
1980/1981 DF Rafael Zuviría
4%
1979/1980 ST Adjutorio Serrat
3%
1987/1988 DF Cristóbal
3%
1979/1980 DF Miquel Corominas
3%
No matching quizzes found
Score Distribution
Percent of People with Each Score
Percentile by Number Answered
Your Score History
You have not taken this quiz